000 00602nam a2200229Ia 4500
003 OSt
005 20220928101745.0
006 a|||||r|||| 00| 0
007 ta
008 220927b |||||||| |||| 00| 0 eng d
024 _a61454
037 _cTextual
040 _aSDCL
_cSDCL
_beng
041 _2eng
_aeng
082 _aO152,2N251,3, K8
100 _aLal Laxminarayan
_9394840
245 0 _aSureymukh.
260 _aDelhi
_bNational Publishing House
_c1988
300 _a123p
_ccm.
942 _hO152,2N251,3, K8
_cTEXL
_2CC
999 _c710445
_d710445